| 000 | 01365nam a2200349Ia 4500 | ||
|---|---|---|---|
| 001 | ebr10076714 | ||
| 003 | CaPaEBR | ||
| 006 | m u | ||
| 007 | cr cn||||||||| | ||
| 008 | 030930s2004 enk sb 001 0 eng d | ||
| 010 | _z 2003108064 | ||
| 020 | _z0761948953 | ||
| 020 | _z0761948961 (pbk.) | ||
| 040 |
_aCaPaEBR _cCaPaEBR |
||
| 035 | _a(OCoLC)70756630 | ||
| 050 | 1 | 4 |
_aRC489.R3 _bD797 2004eb |
| 100 | 1 | _aDryden, Windy. | |
| 245 | 1 | 4 |
_aThe rational emotive behavioural approach to therapeutic change _h[electronic resource] / _cWindy Dryden & Michael Neenan. |
| 246 | 1 | 7 | _aREB approach to therapeutic change |
| 260 |
_aLondon ; _aThousand Oaks : _bSAGE, _c2004. |
||
| 300 | _a145 p. | ||
| 490 | 1 | _aSage therapeutic change series | |
| 504 | _aIncludes bibliographical references (p. [137]-139) and index. | ||
| 533 |
_aElectronic reproduction. _bPalo Alto, Calif. : _cebrary, _d2009. _nAvailable via World Wide Web. _nAccess may be limited to ebrary affiliated libraries. |
||
| 650 | 0 | _aRational emotive behavior therapy. | |
| 650 | 0 | _aCognitive therapy. | |
| 655 | 7 |
_aElectronic books. _2local |
|
| 700 | 1 | _aNeenan, Michael. | |
| 710 | 2 | _aebrary, Inc. | |
| 830 | 0 | _aSage therapeutic change series. | |
| 856 | 4 | 0 |
_uhttp://site.ebrary.com/lib/rucke/Doc?id=10076714 _zAn electronic book accessible through the World Wide Web; click to view |
| 999 |
_c53500 _d53500 |
||